| 000 | 00780nam a22002057a 4500 | ||
|---|---|---|---|
| 999 |
_c165772 _d165772 |
||
| 005 | 20190629123418.0 | ||
| 010 | _aHIN-116387 | ||
| 020 |
_c350.00 _a9788190310895 |
||
| 035 | _aHN-88733 | ||
| 037 | _bDBAD/PUB | ||
| 082 | _a921 | ||
| 100 | _aसिंह,सुधा | ||
| 245 |
_aभारत कोकिला सरोजिनी नायडू / _cसुधा सिंह |
||
| 246 | _aSarojini Naydu / | ||
| 260 |
_aनई दिल्ली _bसन फ्लावर बुक्स _c2018 |
||
| 270 |
_bनई दिल्ली _a4760-61,23,्अंसारी रोड,दरियागंज, _e110002 |
||
| 300 |
_a136पृ. _c22सेमी.(सजिल्द ) |
||
| 700 | _977990 | ||
| 942 |
_2ddc _cHN _h921 _mसिंहसु |
||